[Event "Top 12 FRA-chT 2017"]
[Site "Chartres"]
[Date "2017.05.25"]
[Round "8"]
[White "Abergel, Thal"]
[Black "Ragger, Markus"]
[Result "0-1"]
[WhiteElo "2457"]
[BlackElo "2680"]
[Annotator "TA"]
[PlyCount "90"]
[EventDate "2017.??.??"]
[EventType "team-tourn"]
[EventCountry "FRA"]
[SourceTitle "playchess.com"]
[Source "ChessBase"]
[SourceQuality "1"]
[WhiteTeam "Tremblay-En-France"]
[BlackTeam "Bischwiller"]

{[%evp 21,90,16,20,16,18,11,20,15,20,29,29,18,26,17,24,23,38,0,10,20,18,-21,-15,-34,-33,-69,-71,-70,-68,-58,-37,-19,-25,-70,-45,-81,-75,-69,-81,-180,-165,-214,-218,-221,-217,-192,-206,-205,-211,-246,-233,-242,-227,-239,-237,-221,-224,-264,-256,-395,-395,-395,-395,-416,-327,-458,-450,-432,-433,-622,-622]} 1. Nf3 d5 2. g3 g6 3. Bg2 Bg7 4. d4 Nf6 5. O-O O-O 6. c4 Nc6 7. cxd5 Nxd5 8. Nc3 Bf5 {D74: Fianchetto Grünfeld: Main Line (5 Nf3 0-0 6 cxd5 Nxd5 7 0-0)} 9. Nh4 (9. Nd2 Ndb4 10. d5 Bc2 11. Qe1 Ne5 12. a3 Na6 13. Nf3 Nc4 14. Bf4 c6 15. Qc1 Bb3 16. dxc6 bxc6 {½-½ (46) Giri,A (2773)-Vachier Lagrave,M (2723) Stavanger 2015}) 9... Be6 10. e4 Nxc3 11. bxc3 Na5 {LiveBook: 4 Games} 12. Nf3 c5 13. d5 Bd7 $146 ({Predecessor:} 13... Bg4 14. Rb1 e6 15. h3 Bxf3 16. Qxf3 exd5 17. exd5 {½-½ (24) Lammers,M (2386)-Abreu Delgado,A (2474) Sitges 2010}) 14. Qc2 e6 {[%cal Be7e6,Be6e5,Be5e4][%mdl 32]} 15. Bg5 Qc8 16. Rad1 Qe8 17. Rc1 Nc4 18. Nd2 Nd6 19. Bf4 e5 20. Be3 b6 21. c4 f5 {[#] Hoping for ...f4.} 22. exf5 gxf5 {aiming for ...f4.} 23. f4 e4 24. Rfe1 Rc8 25. Nf1 b5 26. cxb5 $1 Nxb5 27. Qa4 Bd4 28. Qa5 Qd8 29. Qd2 Qf6 $1 30. Qc2 (30. g4 $17 {is a better defense.}) 30... Nc3 $36 {[%mdl 2048] Black is on the roll.} 31. Qb3 Rb8 32. Qa3 Bb5 33. Kh1 Nxd5 34. Rxc5 Bxc5 35. Qxc5 Rfd8 36. Qxa7 Qa6 37. Bh3 Qxa7 38. Bxa7 {[#]} Ra8 $1 39. Bc5 Bd7 ({Less strong is} 39... Rxa2 40. Bxf5 Bxf1 41. Rxf1 $15) 40. Ne3 (40. a3 $142) 40... Nxe3 41. Bxe3 Be6 42. Bg2 Ra3 43. h3 (43. Kg1 $142) 43... Rdd3 {Black is clearly winning.} 44. Bc5 Rxa2 45. g4 (45. Be3 $142) 45... Rdd2 {Precision: White = 37%, Black = 89%.} 0-1

[Event "Top 12 FRA-chT 2017"]
[Site "Chartres"]
[Date "2017.05.25"]
[Round "8"]
[White "Barbot, Pierre"]
[Black "Nezar, Mustapha"]
[Result "1-0"]
[WhiteElo "2456"]
[BlackElo "2354"]
[Annotator "TA"]
[PlyCount "109"]
[EventDate "2017.??.??"]
[EventType "team-tourn"]
[EventCountry "FRA"]
[SourceTitle "playchess.com"]
[Source "ChessBase"]
[SourceQuality "1"]
[WhiteTeam "Clichy"]
[BlackTeam "Vandoeuvre"]

{[%evp 21,109,0,0,-25,-27,-33,0,0,0,0,0,8,0,0,-7,-44,-16,-12,0,0,0,0,18,18,24,30,87,41,310,54,203,208,216,204,200,208,177,172,231,174,293,293,307,231,224,227,225,169,173,170,208,206,437,436,416,400,466,455,452,442,441,415,308,373,725,624,604,430,410,380,289,279,29961,29962,29973,29974,29976,29977,29977,29978,29978,29979,29980,29981,29985,29986,29986,29987,29987,29988]} 1. d4 d5 2. c4 c6 3. Nc3 Nf6 4. e3 e6 5. Nf3 Nbd7 6. Qc2 Bd6 7. Bd3 O-O 8. O-O dxc4 9. Bxc4 b5 10. Be2 Qe7 {D46: Semi-Slav: 5 e3 Nbd7 6 Bd3, Black avoids the Meran} 11. Ng5 Bb7 {LiveBook: 8 Games} 12. e4 $146 ({Predecessor:} 12. Bf3 Rac8 13. Rd1 Bb8 14. Bd2 h6 15. Nge4 Nxe4 16. Qxe4 Nf6 17. Qd3 c5 18. Bxb7 {0-1 (34) Fressinet,L (2710)-Ganguly,S (2631) Linares 2015}) 12... e5 {Black has an edge.} 13. dxe5 Bxe5 (13... Qxe5 {is more complex.} 14. f4 Qc5+ 15. Kh1 b4 16. e5 bxc3 17. bxc3 h6) 14. f4 Bd4+ 15. Kh1 h6 16. e5 hxg5 17. exf6 Bxf6 18. Ne4 gxf4 (18... Rfe8 $5 {[%cal Re7e4]} 19. fxg5 Qxe4 20. Qxe4 Rxe4 $15) 19. Bxf4 Be5 (19... Rae8 $5 {[%cal Re7e4]} 20. Nxf6+ Nxf6 $11) 20. Bg5 Qe6 21. Rad1 f5 22. Rxd7 Qxd7 23. Nc5 $36 {[%mdl 2048] White has good play.} Qf7 {...Bd4 is the strong threat.} 24. Bd1 $1 Rae8 $2 {[%mdl 8192] [#]} (24... Qg6 $14 25. Qb3+ Rf7) 25. Qf2 $2 ({White has to play} 25. Qd3 $1 $18 {Hoping for Bb3.} Bc8 26. Bb3) 25... Bc8 (25... Qg6 $1 $14 26. Bb3+ Kh8 27. Qh4+ Qh7 28. Nxb7 Bxb2) 26. Bb3 $18 Re6 27. Bxe6 Bxe6 28. Re1 Bxa2 29. Rxe5 {Threatens to win with Re7.} Bd5 (29... f4 {keeps fighting.} 30. h4 Bd5) 30. h4 {aiming for Re7.} a5 (30... f4 {might work better.} 31. Re7 Qf5) 31. Re7 Qg6 32. Qe1 {Black must now prevent Nd7.} f4 {Strongly threatening ...f3.} 33. Nd7 Qf5 {( -> ...Qh3+)} 34. Qc3 {[%csl Ge7][%cal Rc3g7]} Rf7 {[#]} 35. Rxf7 $1 Qxf7 36. Ne5 Qf5 $2 (36... b4 37. Qd3 Qe6 38. Bxf4 a4) 37. Nxc6 Bxc6 38. Qxc6 Qb1+ 39. Kh2 Qxb2 40. Qe8+ Kh7 41. Qe4+ Kg8 42. Bxf4 ({Don't do} 42. Qxf4 Qe2 $18) 42... a4 $2 (42... Qf6 43. Be5 Qe7) 43. Qe8+ Kh7 44. Be5 Qe2 45. Qe7 {[%csl Ge5][%cal Re7g7]} Qg4 46. Qg5 Qxg5 $2 (46... Qd7 $18 47. Qf4 Qe7) 47. hxg5 {[%mdl 4096] Endgame KB-K3P. White mates.} b4 48. Kg3 b3 49. Bb2 Kg6 50. Kg4 Kf7 51. Kf5 g6+ 52. Ke5 Kg7 53. Ke6+ Kg8 54. Kf6 Kh7 55. Ba3 {Precision: White = 67%, Black = 33%.} ({Worse is} 55. Kf7 a3 $11) 1-0

[Event "Top 12 FRA-chT 2017"]
[Site "Chartres"]
[Date "2017.05.25"]
[Round "8"]
[White "Ider, Borya"]
[Black "Wagner, Dennis"]
[Result "1/2-1/2"]
[WhiteElo "2456"]
[BlackElo "2571"]
[Annotator "TA"]
[PlyCount "97"]
[EventDate "2017.??.??"]
[EventType "team-tourn"]
[EventCountry "FRA"]
[SourceTitle "playchess.com"]
[Source "ChessBase"]
[SourceQuality "1"]
[WhiteTeam "Mulhouse Philidor"]
[BlackTeam "Nice Alekhine"]

{[%evp 16,97,-23,-56,-56,-54,-49,-42,-39,-40,-13,-22,-14,-32,-21,-22,-6,-2,-21,-44,-31,-62,-41,-98,-105,-92,-60,-118,-52,-111,-77,-78,-91,-116,-68,-92,-62,-91,-94,-128,-128,-129,-128,-168,-156,-232,-195,-189,-137,-343,-333,-319,-321,-354,-334,-428,-421,-418,-419,-408,-395,-560,-552,-775,-86,-90,-93,-85,-94,-79,-32,-25,-39,-55,-50,-203,-177,-213,-207,-195,0,-121,0,-173]} 1. d4 Nf6 2. Nf3 d5 3. Bf4 c5 4. e3 Nc6 5. c3 Qb6 6. Qb3 c4 7. Qc2 Bf5 8. Qc1 Nh5 {D02: 1 d4 d5 2 Nf3 sidelines, including 2...Nf6 3 g3 and 2...Nf6 3 Bf4} (8... h6 9. Nbd2 e6 10. Be2 Be7 11. b3 cxb3 12. axb3 O-O 13. O-O Rfc8 14. Qb2 a5 15. Ra4 Qd8 16. Rfa1 Ne8 17. h3 {½-½ (51) Yu,Y (2747)-Maze,S (2591) Gibraltar 2016}) 9. Be5 {LiveBook: 4 Games} f6 10. Bg3 $1 {[#]} e5 $1 {[%mdl 512] Black is slightly better.} 11. Be2 (11. dxe5 Nxg3) 11... Nxg3 12. hxg3 exd4 $146 ({Predecessor:} 12... Bd6 13. Nbd2 O-O-O 14. b3 cxb3 15. axb3 exd4 16. exd4 {0-1 (59) Danielian,E (2466)-Swati,G (2246) Bhubaneswar 2013}) 13. Nxd4 Nxd4 14. cxd4 Bb4+ 15. Nc3 Qa5 16. Bf3 O-O-O 17. Kd2 Qb6 $36 {[%mdl 2048] Black has good play.} 18. Bd1 Be4 19. f3 ({Better is} 19. Bf3 $15) 19... Bg6 $1 $17 20. Bc2 Qd6 21. Rh3 (21. g4 $15) 21... Kb8 (21... f5 $17 22. Ba4 Qa6) 22. Ke2 ({White should try} 22. Qb1 $15) 22... Bf7 23. Kf2 h5 24. Qd2 Ba5 25. Rah1 Rhe8 26. Qc1 g6 27. Ne2 f5 28. f4 Qb4 29. Rd1 Re6 30. Ng1 (30. a3 $17 Qb6 31. Nc3) 30... Rb6 31. b3 {Black should prevent a3.} Rc8 (31... Qd6 $1 $19 32. Nf3 Rc8) 32. Qb1 $2 (32. a3 $17 {was the only defense.} cxb3 33. axb4 Rxc2+ 34. Qxc2 bxc2 35. Rc1 Rxb4 36. Rxc2) 32... Be8 $19 33. Nf3 Qa3 34. Rhh1 Bc3 35. Ne5 a5 36. g4 hxg4 {[%cal Bh5g4,Bg4g3][%mdl 32]} 37. Rh8 Ka7 ({Weaker is} 37... a4 38. Rxe8 Rxe8 39. Nd7+ Kc7 40. Nxb6 $15) 38. Nxg6 (38. Kg1 $142 Rb8 39. Rh7) 38... g3+ ({Less strong is} 38... Rxg6 39. Bxf5 Rgc6 40. Bxc8 $17) 39. Kf3 cxb3 $2 (39... Bxg6 $19 {is more deadly.} 40. Rxc8 Bh5+ 41. Kxg3 Qe7) 40. axb3 $17 Rxg6 41. Bxf5 Rgc6 {Threatens to win with ...Rb8.} 42. Bxc8 Rxc8 43. Rdh1 $1 Qd6 {Hoping for ...Bg6.} 44. R1h6 Qd7 $1 45. Qd3 $2 (45. R8h7 $15 Qb5 46. Qf5) 45... Be1 $1 $19 {aiming for ...Rc3.} 46. R6h7 Qe6 {...Bg6 is the strong threat.} 47. Rh6 {[#]} Qd7 ({Black should play} 47... Qe7 $1 $19 {And now ...a4 would win.} 48. R8h7 Bf7) 48. R6h7 $1 $17 {[%cal Rh7d7] [#]} Qe6 (48... Qc6 $1 $17 {Strongly threatening ...Bg6.} 49. Rh6 Qd7) 49. Rh6 $1 {Precision: White = 41%, Black = 62%.} 1/2-1/2

[Event "Top 12 FRA-chT 2017"]
[Site "Chartres"]
[Date "2017.05.25"]
[Round "8"]
[White "Brochet, Philippe"]
[Black "Baklan, Vladimir"]
[Result "1/2-1/2"]
[WhiteElo "2409"]
[BlackElo "2594"]
[Annotator "TA"]
[PlyCount "126"]
[EventDate "2017.??.??"]
[EventType "team-tourn"]
[EventCountry "FRA"]
[SourceTitle "playchess.com"]
[Source "ChessBase"]
[SourceQuality "1"]
[WhiteTeam "Montpellier"]
[BlackTeam "Strasbourg"]

{[%evp 9,126,16,24,24,20,21,21,21,21,29,28,25,28,27,18,19,25,20,34,-27,13,-18,0,-131,-148,-147,-145,-252,-123,-120,-121,-202,-100,-100,-101,-79,-100,-102,-101,-108,-106,-101,-84,-89,-87,-83,-66,-68,-72,-60,-63,-91,-77,-77,-55,-55,-13,-77,-84,-78,-55,-92,-79,-79,-79,-79,-55,-55,-55,-55,-55,-55,-55,-32,-8,-8,-8,-8,-8,-8,-8,-8,-8,-78,-78,-104,-55,-104,-104,-104,-104,-104,-75,-104,-104,-104,-104,-104,-104,-110,-104,-110,-110,-110,-111,-111,-111,-111,-111,-111,-111,-111,0,-126,0,-126,-133,-133,-133]} 1. d4 Nf6 2. Bg5 d6 3. Bxf6 exf6 4. c4 (4. g3 d5 5. Bg2 c6 6. e3 Bd6 7. Nd2 O-O 8. Ne2 Re8 9. O-O Nd7 10. c4 dxc4 11. Nxc4 Bf8 12. Qc2 {1-0 (40) Vitiugov,N (2726)-Plat,V (2532) Tallinn 2016}) 4... f5 5. Nc3 Nd7 6. g3 {A45: Trompowsky Attack} Nf6 7. Bg2 c6 8. e3 {The position is equal.} h5 $146 ({Predecessor:} 8... g6 9. Nge2 Bg7 10. b4 O-O 11. O-O h5 12. b5 Qe8 13. Qd3 Rb8 14. Rab1 c5 15. Rbd1 Qe7 16. Nf4 Be6 17. Ncd5 Bxd5 18. Bxd5 Kh7 19. Qa3 {1-0 (33) Cech,P (2378)-Dobrotka,M (2235) Tatranske Zruby 2012}) 9. h4 g6 10. Nge2 Bh6 11. b4 O-O 12. O-O Bd7 13. Qd3 Re8 14. Rfd1 (14. Nf4 $14) 14... Rc8 15. a4 Ng4 {[%cal Rh6e3]} 16. d5 (16. Nf4 $11) 16... c5 $17 17. bxc5 Rxc5 18. Nb5 {[#]} (18. Nf4 $17 {keeps fighting.}) 18... Ne5 (18... Bxe3 $1 $19 {[%mdl 512]} 19. fxe3 Rxe3) 19. Qb3 Nxc4 20. Rdc1 {[#]} (20. Nbd4 $17 {is a better defense.}) 20... Qa5 (20... Nxe3 $1 $19 {[%mdl 512] has better winning chances.} 21. Rxc5 (21. fxe3 Bxe3+) 21... dxc5 22. fxe3 Bxe3+ 23. Kh1 f4 $1 {[%mdl 512]} 24. Nxf4 Bxf4 25. gxf4 a6) 21. Rxc4 Rxb5 $1 22. axb5 Qxa1+ 23. Bf1 {[#]} Qa5 $1 24. b6 axb6 25. Rc7 Ba4 26. Qa3 Bg7 27. Rxb7 Rd8 28. Nf4 Be5 29. Qc1 Qc5 30. Qb1 Bxf4 31. gxf4 Qxd5 (31... b5 $5 32. Bxb5 Bc2 $17) 32. Bg2 Qb3 (32... Qd2 {looks sharper.} 33. Qxb6 Rc8 34. Rb8 Rxb8 35. Qxb8+ Kg7) 33. Rxb6 (33. Qa1 $1 $11) 33... Qxb1+ 34. Rxb1 $11 {[%mdl 4096] Endgame KRB-KRB} Kf8 35. Ra1 Bb3 36. Ra8 Rxa8 37. Bxa8 $17 {KB-KB} Bc2 {And now ...Be4 would win.} 38. Bd5 Be4 39. Bb3 Ke7 40. Kh2 d5 41. Kg3 Kd6 42. Ba4 Bd3 43. Be8 Ke6 44. Ba4 Bc4 45. Be8 Ba6 46. Ba4 (46. Kf3 $11 {keeps the balance.}) 46... Bc8 47. Bd1 Kd6 48. Be2 Kc5 49. Bd1 Kb4 50. Bf3 Bb7 51. Be2 Bc6 52. Ba6 Bb5 53. Bb7 Kc5 54. Kh2 Bd3 55. Kg3 Bc4 56. Kh2 Kb6 57. Ba8 Kc7 58. Kg3 Kd6 {...d4! is the strong threat.} 59. Bb7 Bd3 60. Kh2 Kc5 61. Kg3 Bb5 62. Kh2 $1 Bc4 63. Kg3 Kb6 {Precision: White = 63%, Black = 55%.} 1/2-1/2

[Event "Top 12 FRA-chT 2017"]
[Site "Chartres"]
[Date "2017.05.25"]
[Round "8"]
[White "Dionisi, Thomas"]
[Black "Relange, Eloi"]
[Result "1/2-1/2"]
[WhiteElo "2392"]
[BlackElo "2464"]
[Annotator "TA"]
[PlyCount "126"]
[EventDate "2017.??.??"]
[EventType "team-tourn"]
[EventCountry "FRA"]
[SourceTitle "playchess.com"]
[Source "ChessBase"]
[SourceQuality "1"]
[WhiteTeam "Bois-Colombes"]
[BlackTeam "Saint Quentin"]

{[%evp 14,126,15,31,107,105,115,106,106,113,102,96,100,102,93,87,97,97,80,107,96,107,95,97,82,70,93,82,157,131,139,137,216,226,247,214,219,202,248,241,238,99,163,79,86,79,80,81,74,0,85,85,83,-201,64,54,61,63,60,48,48,37,37,37,54,54,56,22,63,22,82,56,60,37,39,37,45,33,38,33,45,32,37,32,37,0,37,0,45,33,45,0,45,45,45,45,45,0,33,0,37,37,37,37,37,37,54,33,33,8,33,33,35,35,35]} 1. e4 c5 2. Nf3 {[%cal Bg1f3,Bf3d4,Bd4f5,Bf5e3,Be3d5][%mdl 32]} d6 3. d4 cxd4 4. Nxd4 a6 5. Nc3 e6 6. a4 b6 {B54: Sicilian: 2...d6 3 d4 cxd4 4 Nxd4, Unusual Lines} 7. Be2 Bb7 8. f4 {LiveBook: 9 Games} e5 $146 (8... Nd7 $14) ({Predecessor:} 8... Nd7 9. O-O Ngf6 10. Bf3 Qc7 11. Kh1 Be7 12. Qe2 O-O 13. e5 dxe5 14. fxe5 Ne8 15. Bf4 Rd8 16. Rad1 Nc5 17. Bxb7 Qxb7 18. b4 Nd7 19. b5 Nb8 20. Ne4 {½-½ (37) Gashimov,V (2740)-Milov,V (2659) Ourense 2009}) 9. Nf5 $16 g6 10. Ne3 {Nc4 is the strong threat.} Nf6 11. O-O Nbd7 12. Ned5 Bg7 13. Bc4 O-O 14. f5 {Threatens to win with fxg6.} b5 15. axb5 axb5 16. Rxa8 Bxa8 17. Bxb5 Nxd5 18. exd5 Qb6+ 19. Kh1 Nf6 20. Bg5 e4 (20... Nxd5 $2 21. Nxd5 Qxb5 22. Ne7+ Kh8 23. f6 $18) ({Black should play} 20... Ne4 21. Nxe4 Qxb5) 21. b3 e3 22. Bc4 $36 {[%mdl 2048] Keeping Black busy.} Nd7 (22... Qa5 $16 23. Qd4 Nxd5) 23. f6 $18 Bh8 24. Qf3 Re8 25. Bb5 $1 {[%cal Rb5d7]} Qc7 {[#]} 26. Bxd7 $1 Qxd7 27. Re1 (27. Bxe3 $18 {and the rest is easy. aiming for Bd4.} Bxf6 28. Qxf6 Rxe3 29. Nd1) 27... Re5 {[#]} (27... h6 $16 {is a better defense.} 28. Bh4 (28. Bxh6 Qc8 $16) (28. Bxe3 Qd8 $16) 28... Kh7) 28. h4 ({Much less strong is} 28. Bxe3 $6 Qe8 $14) (28. Bf4 $1 $18 {[%cal Rf4e5] is more deadly.} Rf5 29. Rxe3 Rxf6 30. h4) 28... h6 $16 29. Bxh6 Rf5 30. Qxe3 Bxf6 31. Ne4 (31. Bg5 $16 Bxg5 32. hxg5 Bxd5 33. Nxd5 Rxd5 34. Qe8+ Qxe8 35. Rxe8+ Kg7 36. Rd8) 31... Bxd5 (31... Bxh4 $11 32. c4 Bxe1) 32. Nxf6+ Rxf6 33. c4 $2 {[%mdl 8192]} (33. Kh2 $16) 33... Bc6 $2 (33... Re6 $19 34. cxd5 Rxe3 35. Rxe3 Qg4) 34. Qg3 Re6 {White must now prevent ...Rxe1+.} 35. Rxe6 (35. Re3 {is interesting.} Qe7 36. Kh2 Rxe3 37. Bxe3 Qe4 38. Qf2) 35... Qxe6 36. Kh2 (36. Be3 {is more complex.} Qe4 37. Qf2 Qe6 38. Kh2 Qe4 39. Bh6) 36... d5 37. cxd5 (37. Qb8+ {looks sharper.} Kh7 38. Qf4 dxc4 39. bxc4 Kg8 40. Qd4) 37... Qxd5 38. Bf4 Kf8 39. Bd6+ Kg7 40. b4 Qe4 41. Qg5 Qd5 (41... f6 $11 42. Qg3 Kf7) 42. Be5+ Kf8 43. Qg3 Ke7 44. Bf4 Kd7 45. Qf2 Ke6 46. Qe2+ Qe4 47. Qd2 Qd5 48. Qb2 Kd7 49. Qf2 Ke6 50. Qg3 (50. Qc2 {looks sharper.} Kf6 51. Kg1 Ke6 52. Qe2+ Kf5 53. Bb8) 50... Kd7 51. Be3 Ke6 52. Bf4 Kd7 53. Qg4+ Ke7 54. Qe2+ Kd7 55. Qf2 Ke6 56. g4 Qf3 (56... f6 {keeps more tension.} 57. g5 f5 58. Qe2+ Kf7 59. Kg3 Qh1) 57. Qxf3 Bxf3 $14 {[%mdl 4096] Endgame KB-KB} 58. Kg3 Be2 59. Bb8 f5 60. gxf5+ Kxf5 61. Bc7 Ke6 62. Kf4 Kd7 63. Be5 Kc6 {Precision: White = 43%, Black = 53%.} 1/2-1/2

[Event "Top 12 FRA-chT 2017"]
[Site "Chartres"]
[Date "2017.05.25"]
[Round "8"]
[White "Philippe, Christophe"]
[Black "Van Foreest, Jorden"]
[Result "0-1"]
[WhiteElo "2386"]
[BlackElo "2595"]
[Annotator "TA"]
[PlyCount "40"]
[EventDate "2017.??.??"]
[EventType "team-tourn"]
[EventCountry "FRA"]
[SourceTitle "playchess.com"]
[Source "ChessBase"]
[SourceQuality "1"]
[WhiteTeam "Vandoeuvre"]
[BlackTeam "Clichy"]

{[%evp 13,40,-17,-8,-29,-23,-65,-54,-55,-22,-23,54,-95,-107,-94,-103,-114,-122,-194,-207,-224,-216,-204,-213,-468,-454,-468,-429,-631,-622]} 1. e4 e5 2. Nf3 Nc6 3. Bc4 Bc5 4. c3 Nf6 5. d3 O-O 6. Bb3 {C54: Giuoco Piano: 4 c3 Nf6, main lines with 5 d4 and 5 d3} (6. Bg5 d6 7. Nbd2 h6 8. Bh4 g5 9. Nxg5 hxg5 10. Bxg5 Kg7 11. Qf3 Be6 12. b4 Bb6 13. Bd5 a5 14. b5 Nb8 15. Bxb7 {½-½ (53) Carlsen,M (2840)-Karjakin,S (2785) Wijk aan Zee 2017}) 6... d5 7. Qe2 Re8 {LiveBook: 10 Games} 8. h3 {The position is equal.} a5 {[%cal Ba7a5,Ba5a4][%mdl 32]} 9. Nbd2 $146 ({Predecessor:} 9. a4 b6 10. Bg5 dxe4 11. dxe4 h6 12. Bd5 Ba6 13. Bxf6 Qxf6 {½-½ (70) Boschetti,C (2105)-Marguerettaz,D (2188) Arvier 2014}) 9... a4 10. Bc2 b6 {[%cal Bb7b6,Bb6b5][%mdl 32]} 11. O-O Nh5 ({Better is} 11... Bb7 $11) 12. Rd1 (12. Qd1 $1 $14 {was the only good move.}) 12... Nf4 $36 {[%mdl 2048] Black has strong initiative.} 13. Qf1 d4 {[%cal Bd5d4,Bd4c3][%mdl 32]} 14. Nc4 Qf6 {[#] And now ...Nxh3+! would win.} 15. Nh2 (15. Bxf4 $17 Qxf4 16. Qe2) 15... b5 $19 16. Na3 Bxa3 $1 17. bxa3 dxc3 {Threatens to win with ...Nd4.} 18. Be3 $2 {[#]} (18. Bxf4 {was the only defense.} Qxf4 19. Rac1) 18... Nd4 {Black is clearly winning.} 19. Bxd4 exd4 20. Ng4 (20. Rdb1 $142 Ra5 21. Kh1) 20... Qg5 {Precision: White = 18%, Black = 63%.} 0-1

[Event "Top 12 FRA-chT 2017"]
[Site "Chartres"]
[Date "2017.05.25"]
[Round "8"]
[White "Vitoux, Colomban"]
[Black "Moucheroud, Jeremy"]
[Result "1-0"]
[WhiteElo "2382"]
[BlackElo "2197"]
[Annotator "NA"]
[PlyCount "79"]
[EventDate "2017.??.??"]
[EventType "team-tourn"]
[EventCountry "FRA"]
[SourceTitle "playchess.com"]
[Source "ChessBase"]
[SourceQuality "1"]
[WhiteTeam "Strasbourg"]
[BlackTeam "Montpellier"]
[TimeControl "40/5400+30:1800+30"]

1. Nf3 {[%emt 0:00:00]} Nf6 {[%emt 0:02:04]} 2. g3 {[%emt 0:01:07]} d5 {[%emt 0:00:41]} 3. c4 {[%emt 0:01:39]} d4 {[%emt 0:06:28]} 4. b4 {[%emt 0:01:32]} a5 {[%emt 0:08:21]} 5. b5 {[%emt 0:04:04]} c5 {[%emt 0:00:30]} 6. bxc6 {[%emt 0:00:30]} Nxc6 {[%emt 0:00:30]} 7. d3 {[%emt 0:00:30]} e5 {[%emt 0:00:30]} 8. Bg2 {[%emt 0:00:30]} Bb4+ {[%emt 0:00:30]} 9. Bd2 {[%emt 0:00:30]} Bc5 {[%emt 0:00:30]} 10. O-O {[%emt 0:00:30]} O-O {[%emt 0:21:51]} 11. Bc1 {[%emt 0:23:45]} Qe7 {[%emt 0:04:07]} 12. Nbd2 {[%emt 0:04:05]} h6 {[%emt 0:07:11]} 13. Rb1 {[%emt 0:05:08]} a4 {[%emt 0:07:59]} 14. Ne1 {[%emt 0:03:45]} Nb4 {[%emt 0:07:54]} 15. Ra1 {[%emt 0:01:27]} Ra7 {[%emt 0:06:33]} 16. Nc2 {[%emt 0:00:50]} Nxc2 {[%emt 0:02:34]} 17. Qxc2 {[%emt 0:00:02]} Bd7 {[%emt 0:01:04]} 18. Rb1 {[%emt 0:15:04]} Bc6 {[%emt 0:02:02]} 19. Bxc6 {[%emt 0:07:46]} bxc6 {[%emt 0:00:02]} 20. Nf3 {[%emt 0:00:39]} Re8 {[%emt 0:11:00]} 21. Bd2 {[%emt 0:10:49]} e4 {[%emt 0:02:35]} 22. dxe4 {[%emt 0:01:04]} Nxe4 {[%emt 0:00:02]} 23. Qd3 {[%emt 0:00:17]} Rd7 {[%emt 0:01:12]} 24. Rfd1 {[%emt 0:10:23]} Red8 {[%emt 0:01:55]} 25. Ba5 {[%emt 0:00:26]} Ra8 {[%emt 0:00:58]} 26. Be1 {[%emt 0:00:03]} Rdd8 {[%emt 0:00:59]} 27. Kg2 {[%emt 0:01:18]} a3 {[%emt 0:01:14]} 28. Qc2 {[%emt 0:01:21]} Qe6 {[%emt 0:00:46]} 29. Rb3 {[%emt 0:01:50]} Ra4 {[%emt 0:00:51]} 30. Rc1 {[%emt 0:00:51]} Nd6 {[%emt 0:01:16]} 31. Nd2 {[%emt 0:02:51]} Qxe2 {[%emt 0:00:33]} 32. Rd3 {[%emt 0:00:22]} Raa8 {[%emt 0:01:02]} 33. Nb3 {[%emt 0:00:08]} Qe5 {[%emt 0:00:35]} 34. Bd2 {[%emt 0:00:56]} Nf5 {[%emt 0:00:38]} 35. Re1 {[%emt 0:00:27]} Qd6 {[%emt 0:00:06]} 36. Bf4 {[%emt 0:00:12]} Qf8 {[%emt 0:00:29]} 37. Re5 {[%emt 0:00:48]} Nh4+ {[%emt 0:00:44]} 38. gxh4 {[%emt 0:00:07]} Bd6 {[%emt 0:00:03]} 39. Re4 {[%emt 0:00:28]} f5 {[%emt 0:00:13]} 40. Rexd4 {[%emt 0:00:43]} 1-0

[Event "Top 12 FRA-chT 2017"]
[Site "Chartres"]
[Date "2017.05.25"]
[Round "8"]
[White "Burri, Quentin"]
[Black "Sulava, Nenad"]
[Result "0-1"]
[WhiteElo "2378"]
[BlackElo "2468"]
[Annotator "TA"]
[PlyCount "67"]
[EventDate "2017.??.??"]
[EventType "team-tourn"]
[EventCountry "FRA"]
[SourceTitle "playchess.com"]
[Source "ChessBase"]
[SourceQuality "1"]
[WhiteTeam "Mulhouse Philidor"]
[BlackTeam "Nice Alekhine"]

{[%evp 19,67,53,62,62,73,24,32,12,26,22,11,17,21,0,15,-7,0,-13,0,0,0,0,14,-42,-41,-47,-47,-61,-62,-53,-58,-63,-65,-73,-55,-60,-58,-58,-38,-60,-44,-259,-268,-270,-268,-270,-266,-272,-281,-310]} 1. e4 c5 2. Nf3 e6 3. d4 cxd4 4. Nxd4 a6 5. Bd3 d6 6. O-O Nd7 {B42: Sicilian: Kan Variation: 5 Bd3} (6... Nf6 7. c4 Be7 8. Nc3 O-O 9. Kh1 Qc7 10. f4 Nbd7 11. Qe2 Re8 12. Bd2 b6 13. Rae1 Bb7 14. f5 e5 15. Nb3 h6 16. Nd5 Nxd5 17. cxd5 Qd8 18. Rc1 Nc5 19. Nxc5 dxc5 {½-½ (73) Balogh,C (2643)-Petr,M (2523) Eretria 2011}) 7. c4 Ne5 8. Nc3 Nf6 9. Be2 Be7 10. Be3 O-O {LiveBook: 3 Games} 11. f4 Ng6 $146 ({Predecessor:} 11... Ned7 12. Bf3 Qc7 13. Qe2 Re8 14. Rac1 Nf8 15. Nb3 N6d7 16. Rfd1 Ng6 17. g3 Rb8 18. Ba7 Ra8 19. Bf2 Rb8 20. Ba7 Ra8 {½-½ (20) Varga,D (2293)-Banas,J (2366) Slovakia 2008}) 12. f5 Ne5 13. fxe6 fxe6 14. Kh1 Bd7 15. Qb3 {next c5 is good for White.} Qc8 16. Rac1 Kh8 17. Nf3 Ng6 18. Qc2 Qe8 19. Qd2 Rc8 20. Rcd1 Qf7 21. c5 (21. a4 $11) 21... dxc5 $15 22. e5 Nd5 $1 23. Ng5 Qg8 24. Nxd5 exd5 25. Qxd5 Qxd5 26. Rxd5 Bc6 27. Rdd1 Nxe5 28. Rxf8+ Rxf8 29. Ne6 Re8 $1 30. Bxc5 $2 (30. b3 $15) 30... Bxc5 $19 {Black has a decisive advantage.} 31. Nxc5 Nd7 $1 32. Bh5 {[#]} g6 $1 33. Nxd7 {Hoping for Bg4.} gxh5 34. Nf6 {Precision: White = 51%, Black = 73%.} 0-1